Catálogo de la Biblioteca Horacio González - Universidad Nacional de General Sarmiento

La vieja dama indigna = The shameless old lady (Registro nro. 54567)

Detalles MARC
000 -CABECERA
campo de control de longitud fija 01163ngm a22002890a 4500
001 - NÚMERO DE CONTROL
campo de control PT19539
003 - IDENTIFICADOR DEL NÚMERO DE CONTROL
campo de control AR-LpoUNG
005 - FECHA Y HORA DE LA ÚLTIMA TRANSACCIÓN
campo de control 20210202000312.0
007 - CAMPO FIJO DE DESCRIPCIÓN FÍSICA--INFORMACIÓN GENERAL
campo de control de longitud fija vd cvaizq
008 - DATOS DE LONGITUD FIJA--INFORMACIÓN GENERAL
campo de control de longitud fija 191001s1965||||ag |||||||||||||||||eng d
040 ## - FUENTE DE LA CATALOGACIÓN
Centro catalogador/agencia de origen AR-LpoUNG
Lengua de catalogación spa
Centro/agencia transcriptor AR-LpoUNG
Normas de descripción aacr
041 ## - CÓDIGO DE LENGUA
Código de lengua del texto/banda sonora o título independiente eng
044 ## - CÓDIGO DEL PAÍS DE LA ENTIDAD EDITORA/PRODUCTORA
Código MARC del país ag
082 0# - NÚMERO DE LA CLASIFICACIÓN DECIMAL DEWEY
Número de clasificación 302.1 436vie
100 1# - ENTRADA PRINCIPAL--NOMBRE DE PERSONA
Nombre de persona Allio, Rene
Término indicativo de función/relación dir.
245 13 - MENCIÓN DE TÍTULO
Título La vieja dama indigna = The shameless old lady
260 ## - PUBLICACIÓN, DISTRIBUCIÓN, ETC.
Lugar de publicación, distribución, etc. Buenos Aires :
Nombre del editor, distribuidor, etc. Gema Video Home,
Fecha de publicación, distribución, etc. [1965].
300 ## - DESCRIPCIÓN FÍSICA
Extensión VHS (90 min.) : son, col.
505 0# - NOTA DE CONTENIDO CON FORMATO
Nota de contenido con formato basada en la novela de Bertolt Bretch
520 ## - SUMARIO, ETC.
Sumario, etc. Actualiza una antigua tradición de la literatura popular y contribuye a modificar el sentido común del que, muy a menudo, la gente se siente orgullosa pero que puede responder a la costumbre, los prejuicios y las falsas apreciaciones. La vieja dama indigna es uno de sus ejemplos mayores, porque la anciana señora B. no cumple con las convenciones que todos respetan y se hace merecedora de injustas críticas.
650 #4 - PUNTO DE ACCESO ADICIONAL DE MATERIA--TÉRMINO DE MATERIA
Término de materia o nombre geográfico como elemento de entrada ASPECTOS SOCIALES
650 #4 - PUNTO DE ACCESO ADICIONAL DE MATERIA--TÉRMINO DE MATERIA
Término de materia o nombre geográfico como elemento de entrada FACTORES CULTURALES
650 #4 - PUNTO DE ACCESO ADICIONAL DE MATERIA--TÉRMINO DE MATERIA
Término de materia o nombre geográfico como elemento de entrada SOCIEDAD
653 ## - TÉRMINO DE INDIZACIÓN--NO CONTROLADO
Término no controlado VIDEOS
905 ## - ELEMENTOS DE DATOS E LOCAL, LDE (RLIN)
a 19539
942 ## - ELEMENTOS DE PUNTO DE ACCESO ADICIONAL (KOHA)
Tipo de ítem Koha Video
Existencias
Estado de retiro Estado de pérdida Estado dañado No para préstamo Código de colección Localización permanente Ubicación/localización actual Fecha de adquisición Total de préstamos Signatura topográfica completa Código de barras Fecha visto por última vez Precio válido a partir de Tipo de ítem Koha
        Colección Cine Biblioteca Universidad Nacional de General Sarmiento Biblioteca Universidad Nacional de General Sarmiento 02/02/2021   302.1 436vie 00021243 02/02/2021 02/02/2021 Video